UBT Library

William Turnbull: (Record no. 45048)

000 -LEADER
fixed length control field 00599cam a2200241 4500
001 - CONTROL NUMBER
control field 4565546
005 - DATE AND TIME OF LATEST TRANSACTION
control field 20180314094338.0
008 - FIXED-LENGTH DATA ELEMENTS--GENERAL INFORMATION
fixed length control field 731220s1973 enka b 001 0 eng
010 ## - LIBRARY OF CONGRESS CONTROL NUMBER
LC control number 73179322
015 ## - NATIONAL BIBLIOGRAPHY NUMBER
National bibliography number GB73-25499
020 ## - INTERNATIONAL STANDARD BOOK NUMBER
International Standard Book Number 090087466X
020 ## - INTERNATIONAL STANDARD BOOK NUMBER
International Standard Book Number 0900874651 (pbk.)
040 ## - CATALOGING SOURCE
Original cataloging agency DLC
Transcribing agency DLC
Modifying agency DLC
041 ## - LANGUAGE CODE
Language code of text/sound track or separate title eng
080 ## - UNIVERSAL DECIMAL CLASSIFICATION NUMBER
Universal Decimal Classification number 730.924 MOR
082 00 - DEWEY DECIMAL CLASSIFICATION NUMBER
Classification number 730.924 MOR
100 1# - Rafti
Rafti 44
101 ## - Shkurtesa
Shkurtesa ART
245 00 - TITLE STATEMENT
Title William Turnbull:
504 ## - BIBLIOGRAPHY, ETC. NOTE
Bibliography, etc Bibliography: p. 73-74.
906 ## - LOCAL DATA ELEMENT F, LDF (RLIN)
a 7
b cbc
c orignew
d 2
e ncip
f 19
g y-gencatlg
942 ## - ADDED ENTRY ELEMENTS (KOHA)
Source of classification or shelving scheme
Item type Books
Holdings
Withdrawn status Lost status Source of classification or shelving scheme Damaged status Not for loan Collection code Permanent location Current location Shelving location Date acquired Total Checkouts Full call number Barcode Date last seen Price effective from Koha item type
          Koleksioni i përgjithshem UBT - Lipjan UBT - Lipjan Koleksioni i përgjithshem 03/14/2018   730.924 MOR 002-3001831 03/14/2018 03/14/2018 Books
UBT Library © 2015-2024. All rights reserved University Education for Business and Technology